000 01318cam a2200385 i 4500
001 200001391
003 TR-AnTOB
005 20250123151250.0
007 ta
008 111206s2010 tu b 000 0 tur d
020 _a9789750211065
_q(paperback)
035 _a(TR-AnTOB)200001391
040 _aTR-AnTOB
_beng
_erda
_cTR-AnTOB
041 0 _atur
050 1 4 _aKKX3800
_b.Ö9342 2010
090 _aKKX3800
_b.Ö9342 2010
100 1 _aÖzbek, Veli Özer
_eauthor
_973112
245 1 0 _aCeza hukuku bilgisi :
_b(genel hükümler) /
_cProf. Dr. Veli Özer Özbek, Yrd. Doç. Dr. M. Nihat Kanbur, Arş. Gör. Pınar Bacaksız, Arş. Gör. Koray Doğan, Arş. Gör. İlker Tepe.
250 _aGenişletilmiş 2. baskı.
264 1 _aAnkara. :
_bSeçkin.,
_c2010.
300 _a462 pages ;
_c20 cm
336 _atext
_btxt
_2rdacontent
337 _aunmediated
_bn
_2rdamedia
338 _avolume
_bnc
_2rdacarrier
490 0 _aHukuk Kitapları Dizisi ;
_v761
504 _aBIBINDX
650 7 _aCeza hukuku
_zTürkiye
_2etuturkob
_948989
650 _aCeza hukuku
_958325
700 1 _aKanbur, M. Nihat
_eauthor
_9102727
700 1 _aBacaksız, Pınar
_eauthor
_9117284
700 1 _aDoğan, Koray
_eauthor
_969660
700 1 _aTepe, İlker
_eauthor
_9102725
942 _2lcc
_cBK
999 _c200001391
_d7589